Les villes de France disposant d'un réseau de tramway - Statistiques

Statistiques générales
  • Ce quiz a été pris 136 fois
  • Le résultat moyen est 23 sur 30
Statistiques - réponses
Ouvert en Longueur Département Ville % Correct
1909 18 Nord Lille
97%
1992 187 Ile-de-France/Paris Paris
92%
2001 101 Rhône Lyon
89%
1893 13 Bouches-du-Rhône Marseille
89%
1985 41 Loire-Atlantique Nantes
89%
2003 82 Gironde Bordeaux
87%
2000 60 Hérault Montpellier
87%
2012 14 Finistère Brest
86%
2007 24 Alpes-Maritimes Nice
83%
2006 16 Puy-de-Dôme Clermont-Ferrand
81%
1994 50 Bas-Rhin Strasbourg
81%
1987 44 Isère Grenoble
80%
1994 15 Seine-Maritime Rouen
79%
1881 16 Loire Saint-Etienne
78%
2010 17 Haute-Garonne Toulouse
78%
2019 16 Calvados Caen
75%
2012 19 Côte-d'or Dijon
75%
2006 16 Haut-Rhin Mulhouse
75%
2000 29 Loiret Orléans
74%
2012 13 Seine-Maritime Le Havre
72%
2007 19 Sarthe Le Mans
72%
2011 23 Maine-et-Loire Angers
67%
2014 15 Doubs Besançon
67%
1909 18 Nord Roubaix
67%
2011 11 Marne Reims
66%
2019 5 Vaucluse Avignon
65%
1909 18 Nord Tourcoing
65%
2013 15 Indre-et-Loire Tours
64%
2006 34 Nord Valenciennes
57%
2014 3 Bouches-du-Rhône Aubagne
50%
Aucun quiz correspondant
Distribution des résultats
% des personnes avec chaque résultat
Percentile par nombre de réponses
Votre historique - résultats
Vous n’avez pas pris ce quiz